000
00334nam a22001457a 4500
008
210527b ||||| |||| 00| 0 eng d
020
_a
2901558102582
041
_a
eng
080
_a
610.73
082
_a
610.73
100
_a
2
101
_a
INF
245
_a
Guide to the Code of Ethics for Nurses
_c
Fowler,M.D
942
_2
udc
_c
BK
999
_c
57678
_d
57678